000 00469nam a2200169Ia 4500
003 GCL
008 140319s9999 xx 000 0 ara d
040 _aGCL /
_cGCL
082 0 4 _a813.01
_bم ض
100 1 _aمحمد البسطاطى
245 1 0 _aضوء ضعيف لا يكشف شيئا /
_cمحمد البسطاطى
300 _a93 ص
490 _a
650 0 4 _aالادب العربى
650 0 4 _aالقصص العربية القصيرة
942 _2ddc
_cBK
999 _c47239
_d47239